Competitive assessment of the U. S. forging industry
Spremljeno u:
| Format: | Knjiga |
|---|---|
| Jezik: | Undetermined |
| Izdano: |
Washington
USITC
|
| Teme: | |
| Oznake: |
Dodaj oznaku
Bez oznaka, Budi prvi tko označuje ovaj zapis!
|
| Thư viện lưu trữ: | Trung tâm Học liệu Trường Đại học Cần Thơ |
|---|
| LEADER | 00400nam a2200145Ia 4500 | ||
|---|---|---|---|
| 001 | CTU_99583 | ||
| 008 | 210402s9999 xx 000 0 und d | ||
| 082 | |a 671.33 | ||
| 082 | |b C737 | ||
| 245 | 0 | |a Competitive assessment of the U. S. forging industry | |
| 260 | |a Washington | ||
| 260 | |b USITC | ||
| 650 | |a Forging industry | ||
| 904 | |i Truc | ||
| 980 | |a Trung tâm Học liệu Trường Đại học Cần Thơ | ||